000 00517nmm a2200157Ia 4500
008 251105s9999||||xx |||||||||||||||||und||
041 _aspa
100 _aMorales Vallejo, Pedro
245 0 _aTipos de pruebas: los exámenes orales y las preguntas de respuesta abierta
264 _a[Madrid, España] :
_bUniversidad de Deusto,
_c1995
300 _a50 páginas
490 _aAzul - Cuadernos Monográficos del ICE
650 _aEducation
856 _uhttps://public.digitaliapublishing.com/a/17871
942 _cCF
999 _c98461
_d98461